Visualizzazione normale
Vista MARC
- De Robertis Alfredo
di Personal Name
Records bibliografici associati: 1
001 - CONTROL NUMBER
- control field: 11220
003 - CONTROL NUMBER IDENTIFIER
- control field: IT-RoPau
005 - DATE AND TIME OF LATEST TRANSACTION
- control field: 20140128154449.0
008 - FIXED-LENGTH DATA ELEMENTS
- fixed length control field: 140128|| aca||aabn | a|a d
040 ## - CATALOGING SOURCE
- Original cataloging agency: IT-RoPau
- Transcribing agency: IT-RoPau
100 ## - HEADING--PERSONAL NAME
- Personal name: De Robertis Alfredo
- Miscellaneous information: Codice autore musica SPICS: 13215
- Relator term: Autore musica
- Name of part/section of a work: Peregrino soy
670 ## - SOURCE DATA FOUND
- Source citation: Work cat.: (IT-RoPau)99638: AA.VV. 794, Condor pasa (El)-Los Kenakos